Dukes of Milan Quiz - Statistics

General Stats
  • This quiz has been taken 41 times
  • The average score is 7 of 14
Answer Stats
# Name % Correct
? Charles
87%
? Francis
87%
? Louis
80%
? Philip
77%
? Leopold
73%
? Joseph
67%
? Ludovico
47%
? Maria Theresa
43%
? Francesco
40%
? Gian
40%
? Galeazzo
33%
? Giovanni
30%
? Filippo
17%
? Massimiliano
17%
No matching quizzes found
Score Distribution
Percent of People with Each Score
Percentile by Number Answered
Your Score History
You have not taken this quiz